Antoloxía da poesía neotrobadoresca / (Record no. 11000)

MARC details
000 -LEADER
campo de control de longitud fija 00627nam a2200229 i 4500
001 - NÚMERO DE CONTROL
campo de control 11000
003 - IDENTIFICADOR DE NÚMERO DE CONTROL
campo de control ES-MaACL
005 - FECHA Y HORA DE LA ÚLTIMA TRANSACCIÓN
campo de control 20240424100020.0
007 - CAMPO FIJO DE DESCRIPCIÓN FÍSICA--INFORMACIÓN GENERAL
campo de control de longitud fija t|
008 - DATOS DE LONGITUD FIJA--INFORMACIÓN GENERAL
campo de control de longitud fija 941129s1994 sp |||| | spa j
020 ## - NÚMERO INTERNACIONAL ESTÁNDAR DEL LIBRO
Número Internacional Estándar del Libro 84-7154-871-2
080 ## - NÚMERO DE LA CLASIFICACIÓN DECIMAL UNIVERSAL
Número de la Clasificación Decimal Universal 869.9-14"19"(082.2)
245 00 - MENCIÓN DEL TÍTULO
Título Antoloxía da poesía neotrobadoresca /
Mención de responsabilidad, etc. Pilar Castro.
260 ## - PUBLICACIÓN, DISTRIBUCIÓN, ETC.
Lugar de publicación, distribución, etc. Vigo :
Nombre del editor, distribuidor, etc. Galaxia,
Fecha de publicación, distribución, etc. [1993]
300 ## - DESCRIPCIÓN FÍSICA
Extensión 153 p ;
Dimensiones 20 cm.
490 1# - MENCIÓN DE SERIE
Mención de serie Dombate ;
Designación de volumen o secuencia 22
650 #4 - PUNTO DE ACCESO ADICIONAL DE MATERIA--TÉRMINO DE MATERIA
Término de materia o nombre geográfico como elemento de entrada Poesía gallega-
Subdivisión cronológica S.XX
9 (RLIN) 16226
700 1# - ENTRADA AGREGADA--NOMBRE PERSONAL
Nombre de persona Castro, Pilar.
9 (RLIN) 36891
830 0# - PUNTO DE ACCESO ADICIONAL DE SERIE-TÍTULO UNIFORME
Título uniforme Dombate ;
Designación de volumen o secuencia 22
9 (RLIN) 228170
852 ## - LOCALIZACIÓN
Ubicación ES-MaACL
Número de control de estantería L-18356
Holdings
Estatus retirado Estado de pérdida Estado de daño No para préstamo Biblioteca de origen Biblioteca actual Ubicación en estantería Fecha de adquisición Fuente de adquisición Total de préstamos Signatura topográfica completa Código de barras Visto por última vez Precio de reemplazo Tipo de ítem Koha
        Biblioteca del Ateneo de Madrid Biblioteca del Ateneo de Madrid Depósito 2 17/01/2008     L-18356 1011218 23/02/2023 23/02/2023 Libro impreso